000 00597cab a2200229 4500
001 ABS40390
008 090401t1989 xxu||||| |||| 00| 0 eng d
035 _a(Sirsi) u23487
041 _aeng
100 _aCatt, R.
245 _aChemicals - a danger or a cure?
260 _c1989
350 _a0
490 _aBuilding Societies` Gazette
_v121(1469) February 1989, 71(1)
520 _aDiscusses the safe use of chemicals in timber treatment .
650 _aBATS
650 _aLINDANE
650 _aWOODWORM
690 _aPRACTICE AND TECHNIQUES
942 _n0
948 _c04/03/1997
999 _c15696
_d15696